[Event "Airthings Masters Preliminary"]
[White "Harikrishna,Pentala"]
[Black "Vachier-Lagrave,Maxime"]
[Site "Online"]
[Round "1.1"]
[Annotator "TA"]
[Result "1/2-1/2"]
[Date "2020.12.23"]
[WhiteElo "2732"]
[BlackElo "2784"]
[PlyCount "54"]

1. e4 {} c5 2. Nf3 d6 3. Bb5+ Nd7 4. 0-0 a6 5. Bd3 Ngf6 6. c3 {B51: Sicilian: Moscow Variation (3 Bb5+) without 3...Bd7.} b5 7. a4 Bb7 8. axb5 axb5 9. Rxa8 Qxa8 10. Bxb5 Bxe4 11. d4 Bxb1 12. dxc5 {
[#] Strongly threatening c6.} Be4 {And now ...Bc6 would win.} ({Weaker is} 12... dxc5 13. Ne5 $18 )13. Re1 $1 e6 {Threatens to win with ...Bxf3.} (13... Bxf3 $5 14. gxf3 Kd8 15. cxd6 exd6 $17 )14. Rxe4 {The position is equal.} Qxe4 15. c6 {Ng5 is the strong threat.} Be7 {[#] aiming for ...Nb6.} 16. Nd2 $1 Qd5 17. cxd7+ Nxd7 18. Qa4 Qb7 19. Bc6 Qc7 {[#]} 20. Nc4 $146 ({Predecessor:} 20. Ne4 f5 21. Ng5 Bxg5 22. Bxg5 Rg8 23. g4 fxg4 24. Qxg4 Kf7 25. Qh5+ Kf8 26. Bxd7 Qxd7 {1/2-1/2 (117) Jones,G (2677)-Mekhitarian,K (2543) Batumi 2018} )d5 21. Ne5 Qxe5 {} 22. Bxd7+ Kd8 {} 23. Qa8+ Kxd7 {
} 24. Qa4+ Kd8 {} 25. Qa8+ $1 Kd7 {} 26. Qa4+ Kd8 {} 27. Qa8+ $1 Kd7 { A rather calm draw. 
Weighted Error Value: White=0.01/Black=0.02} 1/2-1/2

[Event "Airthings Masters Preliminary"]
[White "Dubov,Daniil"]
[Black "Radjabov,Teimour"]
[Site "Online"]
[Round "1.2"]
[Annotator "TA"]
[Result "1/2-1/2"]
[Date "2020.12.23"]
[WhiteElo "2699"]
[BlackElo "2765"]
[PlyCount "72"]

1. d4 {} Nf6 2. Nf3 d5 3. c4 e6 4. g3 Be7 5. Bg2 0-0 6. Qc2 c5 7. dxc5 Qa5+ 8. Nc3 $1 {8.Nc3 scores better than 8.Nbd2.} dxc4 {E06: Closed Catalan:
Early deviations.} 9. 0-0 Qxc5 10. Bg5 Nc6 11. Bxf6 Bxf6 12. Ne4 Qf5 13. Rfd1 {
[#]} Bxb2 $146 ({Predecessor:} 13... e5 14. Qxc4 Be6 15. Nxf6+ Qxf6 {1/2-1/2 
(15) Ippolito,D (2370)-Ringoir,T (2473) Charlotte 2016} )14. Qxb2 {Nd4 is the
strong threat.} Qxe4 15. Rac1 e5 {[#]} 16. Nd4 $1 { Pin} Qg6 17. Nxc6 bxc6 18. Rxc4 Be6 19. Rxc6 Rab8 20. Qxe5 Rb1 21. Rcc1 Rxc1 22. Rxc1 Bxa2 23. Qa5 Be6 24. Qxa7 Qg5 25. f4 Qb5 26. e4 g6 27. h4 Rd8 28. f5 (28. Qf2 $14 )gxf5 $11 {The position is equal.} 29. Qe7 Qb6+ 30. Kh2 {And now Qg5+ would win.
} fxe4 31. Qg5+ Kf8 32. Re1 Rd4 33. Qf6 (33. Bxe4 $2 Rxe4 $1 {} 34. Rxe4 (34. Qh6+ $2 Ke8 $19 )Qf2+ 35. Kh1 Qf3+ 36. Kg1 Qxe4 $19 )Kg8 34. Qg5+ Kf8 35. Qf6 ({Avoid the trap} 35. Bxe4 $2 {[#]} Rxe4 $1 {} 36. Rxe4 (36. Qh6+ $2 Ke8 $19 )Qf2+ 37. Kh1 Qf3+ 38. Kg1 Qxe4 $19 )Kg8 36. Qg5+ Kf8 {Weighted Error Value: White=0.05/Black=0.03} 1/2-1/2

[Event "Airthings Masters Preliminary"]
[White "Carlsen,Magnus"]
[Black "Aronian,Levon"]
[Site "Online"]
[Round "1.4"]
[Annotator "TA"]
[Result "1/2-1/2"]
[Date "2020.12.23"]
[WhiteElo "2862"]
[BlackElo "2781"]
[PlyCount "122"]

1. d4 {} Nf6 2. c4 e6 3. Nf3 d5 4. Nc3 Bb4 (4... Be7 5. cxd5 exd5 6. Bf4 c6 7. Qc2 g6 8. e3 Bf5 9. Bd3 Bxd3 10. Qxd3 Nbd7 11. h4 a5 12. Kf1 a4 13. a3 Qb6 14. Qc2 h5 15. Bg5 0-0 16. Ne5 Rfe8 17. Bxf6 Nxf6 18. Rh3 Qb3 {
0-1 (58) Carlsen,M (2863)-Aronian,L (2767) Stavanger 2020} )5. cxd5 exd5 6. Bf4 {D38: Queen's Gambit Declined: Ragozin Defence (4 Nf3 Bb4).} c6 7. e3 Bf5 8. Qb3 {White has an edge.} Qb6 9. Nh4 {[#]} Bg6 $146 ({Predecessor:} 9... Be6 10. Bd3 Be7 11. Qc2 Nh5 12. Bg3 Nxg3 13. hxg3 g6 14. f4 Rg8 15. Nf3 Nd7 16. Rxh7 {
1-0 (30) Le,Q (2709)-Gajewski,G (2616) chess.com INT 2020} )10. Nxg6 hxg6 11. h3 Nbd7 12. Bd3 c5 {Hoping for ...c4.} 13. a3 Ba5 14. Qxb6 Bxb6 15. dxc5 Nxc5 16. 0-0-0 0-0-0 17. Kb1 Ne6 18. Be5 Bc7 19. Bxc7 Kxc7 20. Bc2 g5 21. Bb3 Kc6 22. Rc1 Kd6 23. Nb5+ Ke5 24. Nxa7 Ne4 25. Nb5 g4 26. Rc2 ({Better is} 26. hxg4 $16 Nxf2 27. Rhf1 Nxg4 28. Rxf7 )Rh5 27. f3 gxf3 28. gxf3 Ng3 29. Rd1 Nf5 {[#]} 30. Rc3 Ne7 31. Nc7 g5 {[#]} 32. Nxe6 (32. e4 $1 $16 )fxe6 $14 33. Rc7 Nf5 34. e4 Nd4 35. Rxb7 Rxh3 (35... dxe4 $15 36. fxe4 Rxh3 )36. exd5 $11 exd5 37. Re7+ (37. Rb4 {is interesting.} Rxf3 38. Re1+ Kf5 39. Bd1 Rf4 40. Rb7 )Kd6 (37... Kf6 {is interesting.} 38. Re3 Nxf3 39. Rf1 g4 40. Bd1 d4 )38. Re3 Nxb3 39. Rxb3 $14 { Endgame KRR-KRR} Rf8 40. Rdd3 Rf4 41. Kc2 Ke5 42. Rb5 Rd4 {} (42... Rh2+ $16 43. Kb3 Rd4 )43. Rxd4 $2 (43. f4+ $1 $18 Ke4 44. Rxh3 gxf4 45. Rb7 )Kxd4 $18 {KR-KR. The position is equal.
} 44. Rb3 Rh2+ 45. Kb1 Rh3 (45... Rh1+ {seems wilder.} 46. Ka2 Kc4 47. Rb4+ Kd3 48. a4 d4 )46. Ka2 Kc4 47. Rc3+ Kb5 48. Kb3 d4 49. Rd3 Kc5 {...g4! is the
strong threat.} 50. Kc2 $1 Rg3 51. a4 Rg2+ 52. Rd2 Rg3 53. Rf2 Kb4 54. b3 g4 55. fxg4 d3+ 56. Kd2 Rxg4 57. Kxd3 Rg3+ 58. Kc2 Rc3+ 59. Kb1 {Strongly
threatening Ka2.} Rxb3+ 60. Rb2 Rxb2+ 61. Kxb2 Kxa4 {Weighted Error Value:
White=0.17/Black=0.10} 1/2-1/2

[Event "Airthings Masters Preliminary"]
[White "Giri,Anish"]
[Black "Nepomniachtchi,Ian"]
[Site "Online"]
[Round "1.5"]
[Annotator "TA"]
[Result "1/2-1/2"]
[Date "2020.12.23"]
[WhiteElo "2764"]
[BlackElo "2784"]
[PlyCount "83"]

1. d4 {} Nf6 2. c4 g6 3. Nc3 d5 4. Nf3 (4. cxd5 Nxd5 5. e4 Nxc3 6. bxc3 Bg7 7. Bc4 c5 8. Ne2 0-0 9. 0-0 Nc6 10. Be3 Bg4 11. f3 Bd7 12. Rb1 Qc7 13. Qd2 Rfd8 14. Rfc1 Be8 15. h4 e5 16. Bd5 cxd4 17. cxd4 exd4 18. Nxd4 Qe5 19. Ne2 b6 20. Bf4 Qe7 {
1/2-1/2 (40) Giri,A (2764)-Nepomniachtchi,I (2784) chess24.com INT 2020} )Bg7 5. h4 c6 6. cxd5 {D90: Grünfeld: 4 Nf3 Bg7 sidelines.} cxd5 7. Bf4 Nc6 8. e3 0-0 9. Qb3 $1 {9.Qb3 scores better than 9.Ne5.} a6 10. Rc1 {[#]} Re8 $146 ({
Predecessor:} 10... b5 11. Ne5 Na5 12. Qb4 Nh5 13. Bh2 Bxe5 14. Bxe5 Nc6 {
1-0 (44) Sargsyan,S (2416)-Hayrapetyan,H (2502) Yerevan 2017} )11. Be2 Bg4 (11... Na5 $11 12. Qa3 Bg4 )12. Qxb7 $16 Bxf3 13. Bxf3 e5 14. dxe5 ({Reject} 14. Qxc6 $6 exf4 15. Nxd5 (15. Bxd5 $2 Rc8 $19 )Nxd5 $11 )Nxe5 15. Bxe5 Rxe5 16. 0-0 Re7 17. Qb3 Rb8 18. Nxd5 (18. Qc2 $16 )Rxb3 $14 {[#]} 19. Rc8 $1 {} Re8 (19... Rd7 20. Rxd8+ )20. Rxd8 Rxd8 21. Nxf6+ Bxf6 22. axb3 Bxh4 { Endgame KRB-KRB} 23. Ra1 Rd6 24. g3 Bf6 25. Ra2 h5 26. Be2 h4 27. gxh4 Rd2 28. Kf1 Bxh4 29. Ra4 g5 {The position is equal.} 30. f4 Rxb2 31. fxg5 Bxg5 32. Rg4 f6 33. Bxa6 Kf8 34. e4 Rxb3 35. e5 Rf3+ 36. Kg2 Rf4 37. Rxf4 (37. Kg3 {seems wilder.} Rf5 38. exf6 Ra5 39. Bc4 Bxf6 40. Re4 )Bxf4 38. exf6 Be5 39. Kf3 Bxf6 40. Ke4 Bh8 41. Kf5 Kg7 42. Bc4 {Weighted Error
Value: White=0.05/Black=0.08} 1/2-1/2

[Event "Airthings Masters Preliminary"]
[White "Grischuk,Alexander"]
[Black "Nakamura,Hikaru"]
[Site "Online"]
[Round "1.6"]
[Annotator "TA"]
[Result "0-1"]
[Date "2020.12.23"]
[WhiteElo "2777"]
[BlackElo "2736"]
[PlyCount "128"]

1. e4 {} e5 2. Nf3 Nc6 3. Bc4 Bc5 4. c3 Nf6 5. d3 d6 6. 0-0 h6 {
6...h6 is the recent fashion.} 7. Re1 0-0 {C54: Giuoco Piano: 4 c3 Nf6, main
lines with 5 d4 and 5 d3.} 8. Nbd2 a5 9. Nf1 Be6 {The position is equal.} 10. Bb5 Ne7 11. d4 exd4 12. cxd4 Bb6 13. Ng3 d5 14. e5 Ne4 15. Bd3 Nxg3 16. hxg3 Bg4 17. Be3 a4 18. Rc1 Qd7 {[#]} 19. Kh2 $146 ({Predecessor:} 19. a3 Rfe8 20. Kh2 Nf5 21. Bb1 Nxe3 22. Rxe3 Bf5 23. Ba2 c6 24. Nh4 Bh7 25. f4 {1/2-1/2 (37)
Ding,L (2791)-Nakamura,H (2736) chess24.com INT 2020} )Bh5 20. e6 fxe6 {
[#]} 21. Ne5 $1 Qe8 22. g4 Bg6 23. Nxg6 Nxg6 {
} 24. g5 (24. Bc2 $11 )Nf4 25. gxh6 Nxd3 26. Qxd3 Qh5+ 27. Kg1 c6 28. hxg7 Rf6 29. f3 (29. Qe2 $1 $11 {remains equal.} Qf5 30. g3 )Bc7 $17 30. Bf2 ({White must play} 30. Kf2 $1 $15 Qh2 31. Rg1 )Kxg7 31. Kf1 Rg6 32. g4 Qh2 33. Ke2 Bg3 34. Rf1 e5 (34... Rf8 $17 {Hoping for ...Qg2.} 35. Kd1 Bxf2 )35. dxe5 $1 $11 Re8 {And now ...Bxf2 would win.} 36. Kd1 Bxf2 37. Rc2 Qxe5 (37... Qf4 {is more complex.} 38. Rcxf2 Rxe5 39. Re2 Rh6 40. Rfe1 Rxe2 41. Qxe2 Rf6 )38. Rcxf2 Qe3 (38... Qf4 {looks sharper.} 39. Re2 Rxe2 40. Qxe2 Rf6 41. Kc2 Kf7 )39. Qxe3 Rxe3 { Endgame KRR-KRR} 40. Re2 Rge6 41. Rfe1 (41. Rg2 $11 {keeps the balance.} )Rd3+ $17 42. Kc2 Rxe2+ 43. Rxe2 Rxf3 {KR-KR
} 44. Re7+ Rf7 45. Re6 Rf2+ 46. Kc3 Kf7 47. Rh6 Ke7 48. g5 a3 49. b4 Rxa2 {
aiming for ...Rg2.} 50. Kb3 Rg2 {...a2 is the strong threat.} 51. Kxa3 Rg3+ 52. Ka4 Rxg5 {Threatens to win with ...Rg4.} 53. Rh7+ Kd6 54. Rxb7 Rg3 55. Rb8 d4 (55... Kc7 $17 56. Rh8 Rg2 )56. Rd8+ $11 Ke5 57. Re8+ $2 {} (57. b5 $11 {and White stays safe.} )Kf4 58. Rf8+ {[#]} Ke3 $2 ({Black should try
} 58... Ke4 $1 $19 {White must now prevent ...Rc3.} 59. Re8+ Kd5 )59. Rf6 d3 60. Kb3 $2 {} (60. Re6+ $11 Kf2 61. Kb3 )Ke2 {Black mates.} 61. Rd6 Ke1 62. Re6+ Kd1 63. Rxc6 d2+ 64. Kc4 {[#]} Kc2 $1 {Weighted Error
Value: White=0.37/Black=0.28} 0-1

[Event "Airthings Masters Preliminary"]
[White "Vachier-Lagrave,Maxime"]
[Black "Nakamura,Hikaru"]
[Site "Online"]
[Round "2.1"]
[Annotator "TA"]
[Result "1/2-1/2"]
[Date "2020.12.23"]
[WhiteElo "2784"]
[BlackElo "2736"]
[PlyCount "96"]

1. e4 {} e5 2. Nf3 Nc6 3. Bc4 Bc5 4. 0-0 Nf6 5. d3 d6 6. c3 h6 {
6...h6 is a critical line.} 7. Re1 0-0 {C54: Giuoco Piano: 4 c3 Nf6, main
lines with 5 d4 and 5 d3.} 8. Nbd2 a5 9. Nf1 Be6 10. Bb5 Ne7 11. d4 exd4 12. cxd4 Bb6 13. Ng3 d5 14. e5 Ne4 15. Bd3 Nxg3 16. hxg3 Bg4 17. Bc2 c5 18. dxc5 Bxc5 19. Be3 Rc8 20. Bxc5 Rxc5 21. Qd2 Qc7 22. Bd3 Nc6 23. Qe3 Nb4 24. Nd4 Nxd3 25. Qxd3 Qb6 {[#]} 26. f3 $146 ({Predecessor:} 26. b3 Rfc8 27. Kh2 Qb4 28. Qe3 Rc3 29. Qf4 Bd7 30. Red1 a4 31. Ne2 Qxf4 32. Nxf4 {1/2-1/2 (76) Vachier
Lagrave,M (2784)-Nakamura,H (2736) chess24.com INT 2020} )Bd7 27. Qd2 a4 28. Kh2 Rfc8 29. Rad1 Rc4 30. g4 Re8 31. b3 axb3 32. axb3 Rc5 33. Qf4 Qc7 {
Threatening ...f6.} 34. Rd3 (34. Qg3 {seems wilder.} Ra8 35. Ne2 Re8 36. f4 Rc2 37. Rd3 )Rc3 35. Rxc3 Qxc3 36. Rc1 Qa5 37. g5 hxg5 38. Qxg5 Qb6 39. Rd1 Qc7 40. f4 Ra8 41. Rd3 $40 { [#] Strongly threatening Rg3. White is
up to no good.} Ra6 $1 { ...Rg6 is the strong threat.} 42. e6 Bxe6 43. Rg3 {} g6 44. Qh4 Bd7 45. Nf3 Bf5 46. Nd4 Bd7 47. Nf3 Bf5 48. Nd4 Bd7 {Weighted Error Value: White=0.06/Black=0.06} 1/2-1/2

[Event "Airthings Masters Preliminary"]
[White "Nepomniachtchi,Ian"]
[Black "Grischuk,Alexander"]
[Site "Online"]
[Round "2.2"]
[Annotator "TA"]
[Result "0-1"]
[Date "2020.12.23"]
[WhiteElo "2784"]
[BlackElo "2777"]
[PlyCount "118"]

1. e4 {} e5 2. Nf3 Nc6 3. Bc4 Bc5 4. c3 Nf6 5. d3 d6 6. 0-0 0-0 7. Re1 {is now more promising
than 7.Bb3.} a5 {C54: Giuoco Piano: 4 c3 Nf6, main lines with 5 d4 and 5 d3.} 8. h3 Ba7 $5 { [#] An interesting side line.} 9. Na3 $146 ({
Predecessor:} 9. Bb3 h6 10. Nbd2 Be6 11. Bc2 Re8 12. Nf1 d5 13. exd5 Bxd5 14. Ng3 Qd6 15. Nf5 {1-0 (51) So,W (2770)-Grischuk,A (2777) chess.com INT 2020} )h6 {The position is equal.} 10. Nb5 Bb6 11. Be3 Bxe3 12. Rxe3 Re8 13. d4 (13. Qc2 $11 )exd4 $15 14. cxd4 Rxe4 15. Rxe4 Nxe4 16. Qb3 Qd7 17. Re1 Nf6 18. Qe3 Qd8 (18... Nb4 $17 {And now ...Nc2 would win.} 19. Qe7 Qxe7 20. Rxe7 Bd7 )19. a3 Bd7 ({Better is} 19... Bf5 $15 )20. d5 (20. Qb3 $11 )Ne5 (20... Nb8 {seems wilder.} 21. Nc3 Na6 22. Nd4 Qf8 23. Qd2 Nc5 )21. Nxe5 dxe5 22. Nc3 Qf8 23. Qg3 (23. Qxe5 $2 Re8 $19 )(23. Bf1 $1 $11 )Qc5 $17 24. Bd3 Qb6 25. Rxe5 ({Don't go for} 25. Qxe5 $2 Re8 $19 )(25. Nd1 $142 )Qxb2 { [#] Double Attack} 26. Ne4 Nxe4 27. Bxe4 Qc1+ 28. Kh2 Qc5 29. d6 Qxd6 30. Bxb7 Rb8 31. Bf3 Rb5 ({Of course not} 31... Qxa3 $6 32. Rd5 $11 )32. Re3 Kf8 33. Rc3 Rc5 $36 { Black is on the roll.} 34. Rxc5 Qxc5 35. Qh4 (35. Be4 $17 {was worth a try.} )Qxa3 $19 36. Qd8+ Be8 {Hoping for ..
.Qd6+.} 37. Qxc7 a4 38. Bd5 Qe7 39. Qb8 {intending Bc6.} Qc5 40. Qd8 g5 ({
Weaker is} 40... Qxf2 41. Qd6+ Kg8 42. Qb8 $17 )41. f4 $2 {[#]} (41. Kg1 )gxf4 42. Bf3 Qe5 43. Qc8 Kg7 44. Qg4+ Qg5 (44... Kh7 $142 45. Qc8 a3 )45. Qc8 Qe5 (45... Qg3+ 46. Kh1 Qe1+ 47. Kh2 Qe5 )46. Qg4+ $1 Kf6 47. Qc8 Ke7 48. Qa6 Qd6 49. Qe2+ Kf8 50. Qb2 (50. Qc4 $142 )a3 51. Qc3 Bd7 52. h4 Ke7 53. Qa5 Be6 54. Qa7+ Kf8 55. Qa8+ Kg7 56. Qa5 a2 {Black mates.} 57. Qc3+ f6 58. Qa5 Qe5 59. Qa7+ Bf7 {Weighted Error Value: White=0.38/Black=0.40} 0-1

[Event "Airthings Masters Preliminary"]
[White "Aronian,Levon"]
[Black "Giri,Anish"]
[Site "Online"]
[Round "2.3"]
[Annotator "TA"]
[Result "1-0"]
[Date "2020.12.23"]
[WhiteElo "2781"]
[BlackElo "2764"]
[PlyCount "79"]

1. e4 {} c5 2. Nf3 d6 3. d4 cxd4 4. Nxd4 Nf6 5. Nc3 a6 6. Bc4 e6 7. Be3 b5 8. Bb3 Be7 9. a3 0-0 10. Qe2 Bb7 11. f3 {B87: Sicilian Scheveningen/Najdorf: 6 Bc4, with
early ...b5.} Nc6 12. 0-0-0 Na5 {[#]} 13. h4 $146 {The position is equal.} ({
Predecessor:} 13. g4 Rc8 14. g5 Nd7 15. Rhg1 g6 16. Bxe6 Rxc3 17. bxc3 fxe6 18. Nxe6 Qc8 19. Bd4 {0-1 (35) Brongers,H (2056)-Filipenko,A (2250) Bucharest 2019} )Rc8 14. Kb1 {[#]} Rxc3 $1 15. bxc3 Qc7 ({Better is} 15... d5 $1 $17 )16. g4 Nd7 { Black has compensation.} 17. g5 Ne5 (17... Nc4 $15 )18. h5 Nec4 (18... Nac4 $1 $11 )19. Bc1 $16 d5 20. g6 Nxa3+ {[#]} (20... Bf6 $16 {
was necessary.} )21. Bxa3 (21. Ka2 $1 $18 {is the precise move to win.
Threatens to win with h6.} N3c4 22. gxf7+ Rxf7 23. h6 )Bxa3 22. gxf7+ Rxf7 23. Rd3 Nxb3 24. cxb3 dxe4 25. fxe4 Qe5 26. b4 {Black must now prevent
Nc2.} Bxe4 {[#] And now ...Qd5! would win.} 27. Nc2 $1 {Re1 is the strong
threat.} Rf5 $1 28. Re1 Bxd3 29. Qxe5 Rxe5 30. Rxe5 $14 { Endgame
KRN-KB} Kf7 { [#]} (30... Bf5 $1 $11 )31. Rc5 $1 $18 g5 32. Rxg5 {
White is clearly winning.} Kf6 33. Rg8 Be4 34. h6 e5 35. Rb8 Kf5 36. Rb6 a5 37. bxa5 Bc5 38. Rxb5 Bg1 39. Kb2 Bd3 40. Rb7 {Weighted Error Value: White=0.12/
Black=0.39} 1-0

[Event "Airthings Masters Preliminary"]
[White "So,Wesley"]
[Black "Carlsen,Magnus"]
[Site "Online"]
[Round "2.4"]
[Annotator "TA"]
[Result "1/2-1/2"]
[Date "2020.12.23"]
[WhiteElo "2770"]
[BlackElo "2862"]
[PlyCount "64"]

1. d4 {} Nf6 2. c4 g6 3. Nc3 Bg7 4. e4 d6 5. Nf3 0-0 6. Be2 e5 7. dxe5 dxe5 8. Qxd8 Rxd8 9. Bg5 Re8 10. Nd5 Nxd5 11. cxd5 c6 12. Bc4 cxd5 13. Bxd5 Nd7 14. Nd2 Nb6 (14... Nc5 {with more complications.} 15. Nc4 Bf8 16. 0-0 Be6 17. Rfd1 Rac8 )15. Bb3 {E92: King's Indian: Classical: 6 Be2 e5: 7
dxe5, 7 Be3 and Petrosian System without 7...Nbd7.} Be6 16. Bxe6 Rxe6 17. Rc1 Rc8 {[#]} 18. Ke2 $146 ({Predecessor:} 18. Rxc8+ Nxc8 {1/2-1/2 (18) Feletar,D 
(2420)-Muse,M (2453) Rabac 2003} )Rec6 19. Rxc6 Rxc6 20. b3 Bf8 21. Be3 Bb4 22. a3 Bxa3 23. Ra1 Bc5 24. Rxa7 Bxe3 25. Kxe3 $14 { Endgame
KRN-KRN} Rc7 26. Nc4 Nxc4+ {The position is equal.} 27. bxc4 Rxc4 28. Rxb7 $11 {KR-KR} Rc3+ 29. Ke2 Rc2+ 30. Ke3 Rc3+ 31. Ke2 Rc2+ 32. Ke3 Rc3+ {Not much
happened in this game.  Weighted Error Value: White=0.04/Black=0.03} 1/2-1/2

[Event "Airthings Masters Preliminary"]
[White "Radjabov,Teimour"]
[Black "Anton Guijarro,David"]
[Site "Online"]
[Round "2.5"]
[Annotator "TA"]
[Result "1-0"]
[Date "2020.12.23"]
[WhiteElo "2765"]
[BlackElo "2675"]
[PlyCount "101"]

1. d4 {} Nf6 2. c4 e6 3. Nc3 Bb4 4. Nf3 d5 5. cxd5 exd5 6. Bg5 h6 7. Bxf6 Qxf6 8. e3 {8.Qa4+ gains popularity.} 0-0 9. Qb3 {D38: Queen's Gambit Declined:
Ragozin Defence (4 Nf3 Bb4).} Qb6 10. Bd3 c6 11. 0-0 {The position is equal.} Nd7 {} 12. Qc2 Qd8 13. a3 Bd6 14. Rfe1 Nf6 {
[#]} 15. Ne5 $146 ({Predecessor:} 15. b4 a6 16. e4 dxe4 17. Nxe4 Nxe4 18. Bxe4 a5 19. bxa5 Qxa5 20. a4 Be6 21. Ne5 {0-1 (31) Sith,J-Pierecker,M Bratislava
1991} )Bxe5 16. dxe5 Ng4 17. f4 d4 {[#]} 18. Rad1 $1 {And now h3 would
win.} Nxh2 {White must now prevent ...Qh4.} (18... Qh4 19. g3 )19. Kxh2 ({
Don't play} 19. Bh7+ Kh8 $15 )(19. Ne2 $14 Qh4 20. Nxd4 (20. Bh7+ $2 Kh8 $19 ))Qh4+ $11 20. Kg1 dxc3 21. bxc3 Bg4 22. Rb1 Rad8 23. Be4 (23. Be2 {
looks sharper.} Rd7 24. Red1 Rfd8 25. Rd4 c5 26. Rxd7 Rxd7 27. Bc4 )Rd7 24. Qf2 Qxf2+ (24... Qe7 {with more complications.} 25. Rb4 h5 26. Qb2 f6 27. exf6 Rxf6 28. Bb1 Rfd6 )25. Kxf2 Rfd8 (25... Rd2+ {is more complex.} 26. Kg3 Bc8 27. a4 Rfd8 28. a5 Kf8 )26. Kg3 Be6 27. a4 b6 28. a5 b5 29. Bxc6 Rc7 30. Bxb5 Rxc3 31. Bf1 g5 32. Rb7 gxf4+ 33. Kxf4 a6 (33... Ra3 $14 )34. Ra1 $1 $16 Rd2 35. Rb6 $1 Rf2+ {[#]} 36. Kg3 (36. Ke4 $1 $16 )Rfc2 (36... Rf5 $11 {
keeps the balance.} )37. Rxa6 (37. Bxa6 $16 Bd5 38. Bf1 (38. Rxh6 Rxg2+ 39. Kf4 Rf2+ 40. Kg3 Rg2+ 41. Kf4 Rf2+ 42. Kg3 Rg2+ $11 ))Rxe3+ $14 38. Kh2 Rxe5 39. Rb6 {Strongly threatening a6.} Bd5 ({Black should play} 39... Ra2 $14 40. Rxa2 Bxa2 )40. a6 $16 { Hoping for Rb5.} Rh5+ {[#]} 41. Kg3 $1 Bxg2 $2 { This costs Black the game.} 42. Bxg2 {
Threatens to win with a7.} Rg5+ 43. Kf3 {a7 is the strong threat.} Rcxg2 $18 {
 Endgame KRR-KRR} (43... Rgxg2 $18 44. a7 (44. Rxh6 Rgf2+ 45. Kg4 Rg2+ 46. Kf5 Rgf2+ 47. Kg5 Rg2+ 48. Kf4 Rgf2+ 49. Kg5 Rg2+ 50. Kf5 Rgf2+ 51. Ke5 Rfe2+ 52. Kd6 Red2+ 53. Ke7 Rc7+ 54. Ke8 Rc8+ 55. Ke7 Rc7+ 56. Ke8 Rc8+ 57. Ke7 Rc7+ $11 )Rgf2+ 45. Kg3 Rg2+ 46. Kf4 Rgf2+ 47. Ke5 Rfe2+ 48. Kd6 Rcd2+ 49. Kc5 Rd8 )44. a7 {White mates.} R2g3+ 45. Ke2 Rg2+ 46. Kd3 R2g3+ 47. Kc4 R5g4+ 48. Kb5 Rb3+ 49. Ka6 Rxb6+ 50. Kxb6 Rb4+ 51. Kc5 {Weighted Error
Value: White=0.10/Black=0.40} 1-0

[Event "Airthings Masters Preliminary"]
[White "Harikrishna,Pentala"]
[Black "Dubov,Daniil"]
[Site "Online"]
[Round "2.6"]
[Annotator "TA"]
[Result "1/2-1/2"]
[Date "2020.12.23"]
[WhiteElo "2732"]
[BlackElo "2699"]
[PlyCount "77"]

1. e4 {} c5 2. Nf3 Nc6 3. d4 cxd4 4. Nxd4 Nf6 5. Nc3 e5 6. Nf5 d5 7. exd5 Bxf5 8. dxc6 bxc6 9. Qf3 Qd7 10. Bg5 {B33: Sicilian: Pelikan and Sveshnikov Variations.
} Be7 (10... e4 $5 {} 11. Qd1 Qxd1+ 12. Nxd1 Be6 $11 )11. Rd1 Qe6 {
[#] aiming for ...Bg4.} 12. Bc4 $1 Qxc4 13. Qxf5 0-0 {[#]} 14. Bxf6 $146 ({
Much worse is} 14. Qxe5 Rfe8 $17 )({Predecessor:} 14. Rd3 e4 15. Rh3 Rfe8 16. b3 Qc5 17. Qxc5 Bxc5 18. Bxf6 gxf6 19. Ke2 Rad8 20. Rd1 f5 21. Rh5 {1-0 (21)
Terteryants,M (2495)-Khokhlov,I (2485) ICCF corr 1994} )Bxf6 15. Qe4 $1 {
} Qe6 16. 0-0 Rfd8 17. b3 Be7 18. Rxd8+ (18. Qe3 {seems wilder.} f5 19. g3 e4 20. Ne2 Qf6 21. Kg2 )Rxd8 19. Rd1 Rxd1+ 20. Nxd1 f5 21. Qe2 e4 22. g3 g6 23. Ne3 Kg7 24. Qd2 Bf6 25. h4 Kf7 26. Kg2 h5 27. a4 Be5 28. Qa5 Qe7 {The position is equal.} 29. Qa6 Qd7 30. Qc4+ Kg7 $1 31. Kf1 Qd2 32. Qxc6 {
[#] Strongly threatening Qb7+.} Bxg3 33. fxg3 Qxe3 $11 { Endgame
KQ-KQ} 34. Qc7+ Kf6 35. Qd6+ Kf7 36. Qd7+ Kf6 {White must now prevent ...Qf3+.} 37. Qd6+ Kf7 38. Qd7+ Kf6 {And now ...Qf3+ would win.} 39. Qd6+ {An uneventful
encounter.  Weighted Error Value: White=0.05/Black=0.04} 1/2-1/2

[Event "Airthings Masters Preliminary"]
[White "Dubov,Daniil"]
[Black "Vachier-Lagrave,Maxime"]
[Site "Online"]
[Round "3.1"]
[Annotator "TA"]
[Result "1/2-1/2"]
[Date "2020.12.23"]
[WhiteElo "2699"]
[BlackElo "2784"]
[PlyCount "137"]

1. Nf3 {} Nf6 2. c4 c5 3. Nc3 Nc6 4. d4 cxd4 5. Nxd4 e6 6. g3 Bc5 7. Nb3 Be7 8. Bg2 0-0 {
8...b6 is not played anymore.} 9. Bf4 d6 10. 0-0 h6 {A33: Symmetrical English:
2 Nf3 Nf6 3 d4 cxd4 4 Nxd4 e6 5 Nc3 Nc6.} 11. Qd2 (11. e4 $14 )e5 12. Be3 Be6 13. Nd5 Qd7 14. Rfd1 Rfd8 {[#]} 15. Rac1 $146 ({Predecessor:} 15. Qe1 Ng4 16. Rac1 Bxd5 17. cxd5 Nxe3 18. fxe3 Nb8 19. Qf2 Na6 20. Rf1 {1/2-1/2 (69)
Royal,S (1930)-Ethelontis,A (2187) London 2018} )Rac8 16. Qe1 b6 17. Nxf6+ Bxf6 18. c5 d5 (18... bxc5 $2 19. Nxc5 Qe8 20. Nb7 $18 )({Better is} 18... Ne7 $14 )19. cxb6 $16 Be7 20. bxa7 Bb4 {[#]} 21. Qf1 ({White should try} 21. Nc5 $1 $18 {} Qe7 22. Nxe6 fxe6 23. Qf1 Nxa7 24. a3 )Nxa7 22. Bc5 Qa4 23. Bxb4 Qxb4 24. Qe1 Qxe1+ 25. Rxe1 d4 26. Bb7 Rb8 27. Nc5 Bd5 28. Bxd5 Rxd5 {[#]} 29. Rc2 f5 30. Rec1 e4 31. Ne6 (31. Nb3 $142 )Rd6 32. Nf4 g5 33. Nh5 (33. Ng2 $14 )d3 $11 34. exd3 exd3 35. Rd2 Nc6 36. Rc5 Nd4 37. Kg2 ({Much worse is} 37. Rxd3 Ne2+ 38. Kf1 Rxd3 $17 )Nc2 $36 {
Black is pushing.} 38. Rd5 $2 {} Rxd5 $19 39. Nf6+ Kf7 40. Nxd5 Rxb2 { Endgame And now ...Ne1+ would win. KRN-KRN} 41. Kh3 Kg6 $2 (41... Rb1 $19 {...Ne1 is the strong threat.} 42. g4 (42. Rxd3 g4+ 43. Kg2 Ne1+ {
 Double Attack} 44. Kf1 Nf3+ { Discovered Attack} 45. Rd1 Rxd1+ 46. Ke2 Rxd5 47. Ke3 Ra5 48. Kd3 Ra3+ 49. Kc2 Rxa2+ 50. Kd3 Nxh2 51. Kc3 Rxf2 52. Kc4 f4 53. Kd4 fxg3 54. Ke3 Rf3+ 55. Ke4 g2 56. Kd5 g1=Q 57. Kc6 Qc1+ 58. Kd5 Rd3+ 59. Ke5 Qe3+ 60. Kf5 Rd5# )Rg1 43. gxf5 Ne1 )42. g4 $15 fxg4+ 43. Kg3 Rxa2 {aiming for ...Nb4!} 44. Rxd3 h5 45. Ne3 {[#]} Ra1 $1 46. f3 $1 $11 ({Don't go for} 46. Rd6+ $2 Kf7 $19 )h4+ 47. Kxg4 {The position
is equal.} Rg1+ (47... Ra4+ {seems wilder.} 48. Kh3 Nd4 49. Ng4 Kf5 50. Nf2 Kf4 )48. Kh3 Ne1 49. Rd6+ Kf7 50. Rd1 Kg6 51. Rd6+ Kf7 52. Rd1 Kf6 53. Nc2 Nxf3 {
 Discovered Attack} 54. Rxg1 Nxg1+ {KN-KN} 55. Kg4 Ne2 56. Ne3 Nf4 57. Kf3 Nd3 58. Ke4 Nc5+ 59. Kf3 Kg6 60. Ng4 Ne6 61. Ke4 Nc5+ 62. Kf3 Nd7 63. Ke4 Nf6+ { Double Attack} 64. Kf3 Nxg4 (64... Ng8 {keeps more tension.} 65. Ke4 Kh5 66. Ne5 Nh6 67. Kf3 Nf5 )65. Kxg4 h3 66. Kxh3 Kh5 67. Kg3 g4 68. h3 gxh3 69. Kxh3 {What a bad dream for Black.  Weighted
Error Value: White=0.24/Black=0.21} 1/2-1/2